Hospodářský růst, zdroje a životní prostředí

Základný problém ekonomického rastu - konflikt medzi obmedzenými výrobnými možnosťami a tlakom na zvyšovanie výroby. Ekonomický rast je limitovaný jednak obmedzenými zdrojmi, ale tiež svojimi dôsledkami v podobe škôd na životnom prostredí. Ekonomický rast a globálne problémy životného prostredia.

Saved in:
Bibliographic Details
Main Author: Čada, David
Format: Book Chapter
Language:Czech
Subjects:
Tags: Add Tag
No Tags, Be the first to tag this record!

MARC

LEADER 00000naa$a2200000$$$4500
001 0039045
005 20221128095023.4
041 0 |a cze 
044 |a SK 
245 1 0 |a Hospodářský růst, zdroje a životní prostředí  |c David Čada 
520 |a Základný problém ekonomického rastu - konflikt medzi obmedzenými výrobnými možnosťami a tlakom na zvyšovanie výroby. Ekonomický rast je limitovaný jednak obmedzenými zdrojmi, ale tiež svojimi dôsledkami v podobe škôd na životnom prostredí. Ekonomický rast a globálne problémy životného prostredia. 
610 2 0 |a rast hospodársky 
610 2 0 |a faktory rastu hospodárskeho 
610 2 0 |a zdroje energie obnoviteľné 
610 2 0 |a zdroje energie prírodné 
610 2 0 |a prostredie životné 
610 2 0 |a škody 
610 2 0 |a problémy globálne 
100 1 |a Čada, David